Welcome to the Holygrace Academy Library

Please use search bar below to get started

ALL ROADS LEAD TO GANGA (Record no. 2807)

MARC details
000 -LEADER
fixed length control field 00571nam a22001457a 4500
020 ## - INTERNATIONAL STANDARD BOOK NUMBER
ISBN 978-81-291-1213-2
082 ## - DEWEY DECIMAL CLASSIFICATION NUMBER
Classification number 823
Item number BON/A
100 ## - MAIN ENTRY--AUTHOR NAME
Personal name BOND, RUSKIN
245 ## - TITLE STATEMENT
Title ALL ROADS LEAD TO GANGA
260 ## - PUBLICATION, DISTRIBUTION, ETC. (IMPRINT)
Place of publication DELHI
Name of publisher RUPA PUBLICATIONS
Year of publication 2017
300 ## - PHYSICAL DESCRIPTION
Number of Pages 121
520 ## - SUMMARY, ETC.
Summary, etc Bond describes the picturesque village in Garhwal and shares his experiences trekking to the holy shrines of Kedarnath, Tungnath, and Badrinath. The memoir also delves into the presence of birds in the mountains, their melodious sounds enchanting travelers
650 ## - SUBJECT ADDED ENTRY--TOPICAL TERM
Topical Term NOVEL
Geographic subdivision INDIA
942 ## - ADDED ENTRY ELEMENTS (KOHA)
Koha item type Books
Holdings
Withdrawn status Lost status Collection code Home library Current library Shelving location Date acquired Source of acquisition Cost, normal purchase price Full call number Accession Number Koha item type
    Fiction Main Library Main Library SHELF-14B -ALPHABETICAL -B--ENGLISH NOVELS & FICTIONS 25/01/2019 purchase 195.00 823 BON/A 10678 Books